000 00851cab a2200265 4500
001 WB3513-72
008 090401t1999 xxu||||| |||| 00| 0 eng d
035 _a(Sirsi) u92468
041 _aeng
245 _aPlanning flexibility urged
260 _c1999
350 _a0
490 _aFarmer`s Guardian
_v26 March 1999, 10(1)
520 _aSurveyors Smith-Woolley, urge planning authorities to show more flexibility in deciding whether or not to allow the conversion of redundant farm buildings for residential use rather than commercial use.
650 _aALTERNATIVE USES
650 _aBUSINESS USE
650 _aFARM BUILDINGS
650 _aPLANNING PERMISSION
650 _aREDUNDANT BUILDINGS
650 _aRESIDENTIAL CONVERSIONS
650 _aRESIDENTIAL USE
690 _aRURAL PRACTICE
942 _n0
948 _c31/03/1999
999 _c58618
_d58618